10 Grootste steden Frankrijk - Sudden Death - Top 10 Frankrijk steden - Statistieken

Algemene statistieken
  • Deze quiz is 59 keer genomen
  • De gemiddelde score is 9 van 10
Answers on the Grid
Answers color-coded by a green-red scale on the quiz's grid according to % correct below.
Beziers
Marseille
Nantes
Strasbourg
Lille
Perpignan
Paris
Montpellier
Bordeaux
Chambéry
Lyon
Nancy
Nice
Limoges
Toulouse
 
Antwoordstatistieken
Antwoord % Correct
Marseille
98%
Lyon
96%
Paris
96%
Nantes
89%
Nice
87%
Toulouse
87%
Bordeaux
84%
Lille
82%
Strasbourg
82%
Montpellier
80%
Geen overeenkomende quizzen gevonden
Scoreverdeling
Procent van Mensen met Elke Score
Percentiel versus Aantal Correcte Antwoorden
Uw Scoregeschiedenis
U heeft deze quiz nog niet genomen